جاوید نامہ / Jāvīd nāmah / (Record no. 84971)
[ view plain ]
| 000 -LEADER | |
|---|---|
| fixed length control field | 00835cam a22002057a 4500 |
| 001 - CONTROL NUMBER | |
| control field | 84971 |
| 003 - CONTROL NUMBER IDENTIFIER | |
| rucl marc code | BD-RjUL |
| 005 - DATE AND TIME OF LATEST TRANSACTION | |
| control field | 20250521124928.0 |
| 008 - FIXED-LENGTH DATA ELEMENTS--GENERAL INFORMATION | |
| fixed length control field | 250521s1966 pk 000 0 per |
| 035 ## - SYSTEM CONTROL NUMBER | |
| System control number | (BD-RjUL) 84971 |
| 040 ## - CATALOGING SOURCE | |
| Original cataloging agency | DLC |
| Transcribing agency | DLC |
| Modifying agency | DLC |
| Language of cataloging | eng |
| 041 ## - LANGUAGE CODE | |
| Language code of text/sound track or separate title | per |
| 082 ## - DEWEY DECIMAL CLASSIFICATION NUMBER | |
| Edition number | 23 |
| Classification number | 891.551 |
| Author mark and year | JAV 1966 |
| 100 1# - MAIN ENTRY--PERSONAL NAME | |
| Personal name | Iqbal, Muhammad,. اقبال، محمد، أقا،, |
| Dates associated with a name | 1877-1938. |
| 9 (RLIN) | 9707 |
| 245 10 - TITLE STATEMENT | |
| Title | جاوید نامہ / Jāvīd nāmah / |
| Statement of responsibility, etc. | مترجم ؛انعام اللہ خان ناصر ، اصغر حسین خان نظیر لدھیانوی ;; Translated by: Anamullah Khan Nasir, Asghar Hussain Khan Nazir Ludhianvi |
| 260 ## - PUBLICATION, DISTRIBUTION, ETC. (IMPRINT) | |
| Place of publication, distribution, etc. | Lahore : |
| Name of publisher, distributor, etc. | مکتبہ کارواں کچہری روڈ ;; Maktaba Karwan Kutchery Road, |
| Date of publication, distribution, etc. | 1966 |
| 300 ## - PHYSICAL DESCRIPTION | |
| Pagination | 248 p. ; |
| Size | 18 cm cm. |
| 650 ## - SUBJECT ADDED ENTRY--TOPICAL TERM | |
| Topical term or geographic name as entry element | Persian poetry |
| 9 (RLIN) | 9708 |
| 942 ## - ADDED ENTRY ELEMENTS (KOHA) | |
| Source of classification or shelving scheme | Dewey Decimal Classification |
| Koha item type | Books |
| Lost status | Source of classification or shelving scheme | Damaged status | Not for loan | Collection code | Permanent Location | Current Location | Shelving location | Date acquired | Source of acquisition | Cost, normal purchase price | Total Checkouts | Full call number | Date last seen | Copy number | Koha item type |
|---|---|---|---|---|---|---|---|---|---|---|---|---|---|---|---|
| Dewey Decimal Classification | Not For Loan | Non-fiction | Central Library, University of Rajshahi | Central Library, University of Rajshahi | Reading Room | 13/05/1969 | Sh, Mubarak Ali | 3.00 | U 891.551 JAV 1966 | 21/05/2025 | C-1 | Books |